Zvýšenie súm životného minima
Prehľad opatrení MPSVR SR o úprave súm životného minima. Sumy na účely životného minima. Životné minimum a dávky sociálnej pomoci. Životné minimum a dávky sociálneho zabezpečenia. Životné minimum a podpora v nezamestnanosti. Životné minimum a prídavky na deti. Sumy na účely štátnych sociálnych dávok...
Salvato in:
| Autore principale: | |
|---|---|
| Natura: | Capitolo di libro |
| Lingua: | slovacco |
| Soggetti: | |
| Tags: |
Nessun Tag, puoi essere il primo ad aggiungerne!!
|
MARC
| LEADER | 00000naa a2200000 4500 | ||
|---|---|---|---|
| 001 | r042941 | ||
| 005 | 20231002081138.1 | ||
| 041 | 0 | |a slo | |
| 044 | |a SK | ||
| 245 | 1 | 0 | |a Zvýšenie súm životného minima |c Ján Matlák |
| 520 | |a Prehľad opatrení MPSVR SR o úprave súm životného minima. Sumy na účely životného minima. Životné minimum a dávky sociálnej pomoci. Životné minimum a dávky sociálneho zabezpečenia. Životné minimum a podpora v nezamestnanosti. Životné minimum a prídavky na deti. Sumy na účely štátnych sociálnych dávok. | ||
| 610 | 2 | 0 | |a minimum existenčné |
| 610 | 2 | 0 | |a príjmy |
| 610 | 2 | 0 | |a osoby fyzické |
| 610 | 2 | 0 | |a dávky sociálne |
| 610 | 2 | 0 | |a núdza hmotná |
| 610 | 2 | 0 | |a zabezpečenie dôchodkové |
| 610 | 2 | 0 | |a podpory v nezamestnanosti |
| 610 | 2 | 0 | |a prídavky na deti |
| 610 | 2 | 0 | |a úpravy právne |
| 610 | 2 | 0 | |a opatrenia |
| 610 | 2 | 0 | |a MPSVR SR Bratislava |
| 100 | 1 | |a Matlák, Ján | |